Future directions in intermediate renting: a discussion paper (Record no. 110613)

MARC details
000 -LEADER
fixed length control field 01045cad a22002175a 4500
001 - CONTROL NUMBER
control field L149740
008 - FIXED-LENGTH DATA ELEMENTS--GENERAL INFORMATION
fixed length control field 100419s2010 xxk f 000 0 eng d
035 ## - SYSTEM CONTROL NUMBER
System control number (Sirsi) u149740
041 0# - LANGUAGE CODE
Language code of text/sound track or separate title eng
050 04 - LIBRARY OF CONGRESS CALL NUMBER
Classification number 306.1 $2 18
110 2# - MAIN ENTRY--CORPORATE NAME
Corporate name or jurisdiction name as entry element L&Q
9 (RLIN) 5840
245 00 - TITLE STATEMENT
Title Future directions in intermediate renting: a discussion paper
260 ## - PUBLICATION, DISTRIBUTION, ETC.
Date of publication, distribution, etc. 2010
520 ## - SUMMARY, ETC.
Summary, etc. Future of intermediate rented sector which falls between social housing and private rented sectors. Discussion paper sets out ways to help those who are not eligible for social housing and do not have the means to become owner-occupiers. Chartered Institute of HOusing (CIH) and L&Q plan to incorporate findings into a policy paper in July 2010.
590 ## - LOCAL NOTE (RLIN)
Local note KA NTK
651 #4 - SUBJECT ADDED ENTRY--GEOGRAPHIC NAME
Geographic name ENGLAND AND WALES
690 ## - LOCAL SUBJECT ADDED ENTRY--TOPICAL TERM (OCLC, RLIN)
Topical term or geographic name as entry element PROPERTY-RESIDENTIAL PROPERTY-DOMESTIC RESIDENTIAL PROPERTY-HOUSING
710 1# - ADDED ENTRY--CORPORATE NAME
Corporate name or jurisdiction name as entry element Chartered Institute of Housing
9 (RLIN) 2394
856 48 - ELECTRONIC LOCATION AND ACCESS
Uniform Resource Identifier <a href="https://www.cih.org/policy/FutureDiscussionsIntermediateRenting-Apr10.pdf">https://www.cih.org/policy/FutureDiscussionsIntermediateRenting-Apr10.pdf</a>
Public note View this item free of charge at www.cih.org
942 ## - ADDED ENTRY ELEMENTS (KOHA)
Suppress in OPAC 0
Holdings
Withdrawn status Lost status Source of classification or shelving scheme Damaged status Not for loan Home library Current library Shelving location Date acquired Total Checkouts Full call number Barcode Date last seen Copy number Price effective from Koha item type
    Dewey Decimal Classification     Virtual Virtual Online 19/04/2010   ONLINE PUBLICATION 149740-2001 06/08/2019 1 06/08/2019 Book